logo

Bir Sreshtho Munshi Abdur Rouf Library
Jhenaidah Cadet College

Mecca : (Record no. 13295)

MARC details
000 -LEADER
fixed length control field 00599nam a2200217 a 4500
001 - CONTROL NUMBER
JCCL Control Number 13295
003 - CONTROL NUMBER IDENTIFIER
JCCL marc code BD-JhCC
005 - DATE AND TIME OF LATEST TRANSACTION
control field 20230810082128.0
008 - FIXED-LENGTH DATA ELEMENTS--GENERAL INFORMATION
fixed length control field 230810b20142017nyu |||| ||a| 001 0 eng d
020 ## - INTERNATIONAL STANDARD BOOK NUMBER
International Standard Book Number 9781408892527
035 ## - SYSTEM CONTROL NUMBER
system control number (BD-JhCC)13295
040 ## - CATALOGING SOURCE
Original cataloging agency BD-JhCC
Modifying agency BD-JhCC
041 ## - LANGUAGE CODE
Language code of Book english
082 ## - DEWEY DECIMAL CLASSIFICATION NUMBER
Classification number 953.8
Author mark and Year ZIA 2017
100 ## - MAIN ENTRY--PERSONAL NAME
Personal name Sardar, Ziauddin
245 ## - TITLE STATEMENT
Title Mecca :
Remainder of title The sacred City /
Statement of responsibility, etc Ziauddin Sardar.
260 ## - PUBLICATION, DISTRIBUTION, ETC. (IMPRINT)
Place of publication, distribution, etc New York:
Name of publisher, distributor, etc Bloomsbury;
Date of publication, distribution, etc 2017.
300 ## - PHYSICAL DESCRIPTION
Pagination 408 p. :
Dimensions 20 cm.
650 ## - SUBJECT ADDED ENTRY--TOPICAL TERM
Topical term or geographic name as entry element Saudi Arabia--Mecca
Chronological subdivision Muslim pilgrims and pilgrimages
Form subdivision Islam
942 ## - ADDED ENTRY ELEMENTS (KOHA)
Source of classification or shelving scheme Dewey Decimal Classification
Koha item type Books
Holdings
Source of classification or shelving scheme Damaged status Not for loan Home library Current library Shelving location Date of accession Cost, normal purchase price Total Checkouts Full call number Barcode Date last seen Date checked out Copy number Method of acquisition Koha item type Currency
Dewey Decimal Classification     JCC Rouf Library JCC Rouf Library General Stacks 08/08/2023 10780.00 4 953.8 ZIA 2017 18504 10/15/2025 04/20/2025 C-1 Purchase Books BDT

JCC Library | Contacts | JCC Home

Last Update on 23 September 2017
Copyright @ 2017-2020 JCC Rouf Library
Rouf Library, Jhenidah Cadet College (JCC), Bangladesh